000 01666 a2200217 4500
001 47364
005 20260407155741.0
008 260407a1997 arg spa d
003 AR-UNSa-BCEJYS
040 _aAR-UNSa-BCEJYS
_bspa
_cAR-UNSa-BCEJYS
080 _a510
_xConsideraciones fundamentales y generales de las matemáticas
245 1 0 _aSigma, El mundo de las matemáticas
020 _a978-84-253-0250-3
264 1 _aBarcelona :
_bEdiciones Grijalbo
_c1997
300 _a6v.
_c23 cm.
505 _aVol. I: 1. Historias y biografías - 2. Estudio general -- Vol. II: 1. Las matematicas y el mundo físico -- Vol. III: 1. Las leyes de la probabilidad - 2. Las estadisticas y la programación de los experimentos - 3. Matematicas y ciencias sociales -- Vol. IV: 1. Aritmética, números y arte de contar - 2. Matematicas del espacio y del movimiento - 3. Arte supremo de la abstracción: Teoría de los grupos - 4. Las matemáticas del infinito -- Vol. V: 1. La verdad matemática y la estructura de las matematicas - 2. Forma del pensamiento matemático - 3. Matemáticas y lógica - 4. La sinrazón de las matemáticas - 5. Como solucionarlo - 6. El vocabulario de las matemáticas - 7. Las matemáticas como arte - 8. El matemático -- Vol. VI: 1. Máquinas matemáticas. ¿Puede pensar una máquina? - 2. Las matemáticas y el arte de la guerra - 3. Teoría matemática del arte - 4. Las matemáticas del bien - 5. Las matemáticas en la literatura.
942 _cBK
590 _aniveau_biblio:m niveau_hierar:0
100 1 _aNewman, James R.
856 4 1 _uhttps://www.biblioeco.unsa.edu.ar/pmb/images/libros/L127487.jpg
_yImagen de portada
_qimage/jpeg
999 _c4351
_d4351